000 00634nam a2200181 a 4500
001 000043284
005 20201002040804.0
008 140304s1935 sp 000 0 spa d
040 _aDO-SdBNP
_bspa
_cBNPHU
100 1 _aPlaute
_970904
245 1 0 _aComédies /
_cPlaute ; text revisat i traducció de Marçal Olivar.
260 _aBarcelona :
_bFundació Bernat Metge,
_c1935.
490 1 _aEscriptors llatins
505 0 _gv. 3
_tEls Captius Càsina
504 _aIncluye referencias bibliográficas y notas al pie de las páginas
700 1 _aOlivar, Marçal
_etr.
_970905
830 0 _aEscriptors llatins, text i traducció
_970906
999 _c42773
_d42773